000 00518nam a2200205Ia 4500
003 GCL
008 140319s9999 xx 000 0 eng d
040 _aGCL /
_cGCL
082 0 4 _aCH
_b843
_bD F
100 1 _aFRANCOISE, PERAT MARIE
245 1 0 _aDON QUICHOTTE /
_cFRANCOISE, PERAT MARIE
700 1 _aBOURS, JACQUES
260 _a[S.N] :
_bHEMMA
650 0 4 _aLITERATURE
650 0 4 _aCHILDREN - LITERATURE
650 0 4 _aFICTION
650 0 4 _aFRENCH FICTION
650 0 4 _aFRENCH LITERATURE
942 _2ddc
_cBK
999 _c14745
_d14745